000 00457nam a2200133Ia 4500
008 100328s9999 xx 000 0 und d
082 _b69865
100 _aपवार शरद.
245 _aकाटेवाडी ते मंत्रालय.
260 _bआविष्कार.
630 _aकाटेवाडी ते मंत्रालय.
730 _aकाटेवाडी ते मंत्रालय.
942 _cBOOK
999 _c555594
_d555591